Chemical kinetics and reaction dynamics (Record no. 154153)
[ view plain ]
| 000 -LEADER | |
|---|---|
| fixed length control field | 00560nam a2200205Ia 4500 |
| 003 - CONTROL NUMBER IDENTIFIER | |
| control field | OSt |
| 005 - DATE AND TIME OF LATEST TRANSACTION | |
| control field | 20260108190126.0 |
| 008 - FIXED-LENGTH DATA ELEMENTS--GENERAL INFORMATION | |
| fixed length control field | 210423s2008 xx 000 0 und d |
| 020 ## - INTERNATIONAL STANDARD BOOK NUMBER | |
| International Standard Book Number | 97881883442914 |
| 040 ## - CATALOGING SOURCE | |
| Transcribing agency | AL |
| 041 ## - LANGUAGE CODE | |
| Language code of text/sound track or separate title | English |
| 082 ## - DEWEY DECIMAL CLASSIFICATION NUMBER | |
| Classification number | 541.394 |
| Item number | UPAS |
| 100 ## - MAIN ENTRY--PERSONAL NAME | |
| Personal name | Santosh K Upadhyay |
| 9 (RLIN) | 66097 |
| 245 ## - TITLE STATEMENT | |
| Title | Chemical kinetics and reaction dynamics |
| 260 ## - PUBLICATION, DISTRIBUTION, ETC. | |
| Place of publication, distribution, etc. | New Delhi |
| Name of publisher, distributor, etc. | Anamaya Publishers |
| Date of publication, distribution, etc. | 2008 |
| 300 ## - PHYSICAL DESCRIPTION | |
| Extent | xiii,256p. |
| Other physical details | PB |
| Dimensions | 24.5x16cm. |
| 365 ## - TRADE PRICE | |
| Price amount | 250 |
| Currency code | INR |
| 906 ## - LOCAL DATA ELEMENT F, LDF (RLIN) | |
| a | Chemical ; dynamics. ; kinetics ; reaction |
| 942 ## - ADDED ENTRY ELEMENTS (KOHA) | |
| Source of classification or shelving scheme | Dewey Decimal Classification |
| Koha item type | Book |
| Withdrawn status | Lost status | Damaged status | Not for loan | Collection code | Home library | Current library | Date acquired | Source of acquisition | Cost, normal purchase price | Total Checkouts | Full call number | Barcode | Date last seen | Date last checked out | Price effective from | Koha item type | Source of classification or shelving scheme |
|---|---|---|---|---|---|---|---|---|---|---|---|---|---|---|---|---|---|
| Analytical Chemistry | St Aloysius PG Library | St Aloysius PG Library | 01/02/2008 | Higginbothams Pvt Ltd | 250.00 | 1 | 541.394 UPAS | PG000620 | 08/24/2022 | 01/06/2022 | 04/26/2021 | Book | |||||
| Analytical Chemistry | St Aloysius PG Library | St Aloysius PG Library | 01/02/2008 | Higginbothams Pvt Ltd | 250.00 | 541.394 UPAC | PG000621 | 08/24/2022 | 04/26/2021 | Book | Dewey Decimal Classification | ||||||
| General Chemistry | St Aloysius PG Library | St Aloysius PG Library | 03/11/2015 | Biblios Book Point | 11531.15 | 1 | 541.394 UPAC | PG013053 | 08/24/2022 | 01/07/2022 | 04/26/2021 | Book | |||||
| General Chemistry | St Aloysius PG Library | St Aloysius PG Library | 03/11/2015 | Biblios Book Point | 11531.15 | 541.394 UPAC | PG013054 | 08/24/2022 | 04/26/2021 | Book | |||||||
| General Chemistry | St Aloysius PG Library | St Aloysius PG Library | 10/10/2019 | Biblios Book Point | 12329.18 | 1 | 541.394 UPAC | PG016846 | 08/24/2022 | 10/11/2021 | 04/26/2021 | Book |